| Поле | Инд. | ПП | Название | Значение |
|---|---|---|---|---|
| Тип записи | a | |||
| Библиографический уровень | b | |||
| 001 | Контрольный номер | RU/IS/BASE/265827356 | ||
| 005 | Дата корректировки | 20220715140341.2 | ||
| 008 | Кодируемые данные | 20080603 | ||
| 040 | b | Код языка каталог. | rus | |
| e | Правила каталог. | PSBO | ||
| 041 | 0_ | a | Код языка текста | rus |
| 084 | a | Индекс другой классификации/Индекс ББК | 66.4в(4Фра); 661.(4Фра)6; 60.561.37 | |
| 100 | 1_ | a | Автор | Цыганков П. А. |
| q | Полное имя | Цыганков Павел Афанасьевич | ||
| 245 | 10 | a | Заглавие | Мондиализация, многосторонность и мировое космополитическое общество. Теория международных отношений в современной Франции |
| n | Номер части/ раздела | Статья третья | ||
| 500 | a | Примечание | Статья 1 № 2 / 2007; Статья 2 № 3 / 2007 | |
| 504 | a | Библиография | Библиогр. ссылки. - Примеч. | |
| 650 | a | Основная рубрика | история политических учений | |
| a | Основная рубрика | международные отношения | ||
| a | Основная рубрика | политика | ||
| a | Основная рубрика | социология | ||
| 653 | 1_ | a | Ключевые слова | XXI век |
| a | Ключевые слова | геополитика | ||
| a | Ключевые слова | глобализация | ||
| a | Ключевые слова | международная безопасность | ||
| a | Ключевые слова | мондиализация | ||
| a | Ключевые слова | мультилатерализм | ||
| a | Ключевые слова | национальный суверенитет | ||
| a | Ключевые слова | социологический подход | ||
| a | Ключевые слова | социология международных отношений | ||
| a | Ключевые слова | теория международных отношений | ||
| a | Ключевые слова | транснационализм | ||
| a | Ключевые слова | Франция | ||
| a | Ключевые слова | этика международных отношений | ||
| 773 | 08 | t | Заглавие источника | Вестник Московского университета. Серия 18, Социология и политология |
| d | Дата издания источника | 2007 | ||
| g | Прочая информация | № 4. - С. 3 - 19 | ||
| w | Контрольный № источника | RU/IS/BASE/261756947 | ||
| 901 | t | Тип документа | b |